10 größte Fußball Stadien in Niedersachsen - Statistiken

Allgemein
  • Dieses Quiz wurde 45 mal gespielt
    41 seit der letzten Aktualisierung
  • Das Durchschnittsergebnis liegt bei 5 aus 10
Antwortstatistiken
Kapazität Verein Stadion % Korrekt
30.000 VfL Wolfsburg Volkswagen Arena
91%
16.100 VfL Osnabrück Bremer Brücke
88%
23.325 Eintracht Braunschweig Eintracht-Stadion
79%
49.200 Hannover 96 Heinz-von-Heiden Arena
79%
15.200 VfB Oldenburg Marschweg-Stadion
47%
13.241 SV Meppen Hänsch-Arena
44%
7500 SV Wilhelmshaven Jadestadion
29%
17.600 VfL Wolfsburg Frauen VfL-Stadion am Elsterweg
21%
16.000 Arminia Hannover Rudolf-Kalweit-Stadion
18%
8000 OSV Hannover Oststadt-Stadion
9%
Keine übereinstimmenden Quizze gefunden
Verteilung der Resultate
Anzahl Personen mit jedem Resultat
Perzentil nach korrekt beantworteten Fragen
Ihre Resultats-Entwicklung
Sie haben dieses Quiz seit der letzten Aktualisierung nicht gespielt